00515nam a2200193 a 4500001001300000003000900013005001700022008004100039020001000080082001600090100002600106245005400132260003700186300000900223500003500232505001100267650001700278700002600295nice12345678IN_TiNIC20260116011648.0050524s1975 w.ga grp 000 0 eng  ac10000a232.99bRAO aRao, Bandi Sreenivasa aChrist in the Quran and Bibleb Was He Crucified? aW.GodavaribBandi Brothersc1975 a136p aincludes index and biblioraphy2 aerrata aJesus Christ1 aRao, Bandi Sreenivasa